000 00260nam a2200085Ia 4500
008 170620s9999 xx 000 0 und d
100 _aAggarwal- J. C.
245 0 _aLandmarks in the history of Modern Indian Education
260 _bNew Delhi- Vikas Publishing House Pvt. Ltd.
260 _c2004
999 _c23914
_d23914